Quizzes
Events
Quiz Creation
Community
Videos
Private Events
Remove Ads
Sign In
Join for FREE
Feedback
Dark Mode
Quiz Categories
Sports
Geography
Music
Movies
Television
Just For Fun
Miscellaneous
History
Literature
Language
Science
Gaming
Entertainment
Religion
Holiday
For Kids
Quiz Lab
Recent
Popular Today
Quiz Kudos Today
Editor Picks
Curator Picks
Quizzes by...
Day
Popularity
Type
Ratings
Length
Year
Community
Subscriptions
Recent Discussions
Orange Saloon
Badges
Playlists
Quests
Create
Leaderboards
Showdown
Live 5
Trivia Bingo
Activity
Puzzle Library
Sporcle Events
Private Events
Virtual Trivia
Globe League
Become a Host
Pub Owners
SporcleCon
Opinionation
Our Games
Videos
Blog
Mobile Apps
Partnerships
Remove Ads and Go Orange
Feedback
Entertainment
Celebrity
Famous
Musical
Broadway
Show
Quote
Comic Books
Anime
Superhero
DC Comics
Marvel
Cartoons
Animation
Entertainment
Celebrity
Famous
Musical
Broadway
Show
Quote
Comic Books
Anime
Superhero
DC Comics
Marvel
Cartoons
Animation
Random Quiz
Search Sporcle
×
Quiz Lab
Quiz Lab
Entertainment
riddle
Type in answers that appear in a list
Type in answers that appear in a list
Classic
Best Score? Go Orange.
Riddle Stats
Can You Answer These Riddles?
By
acemedinagm
5m
20 Questions
38 Plays
38 Plays
38 Plays
Comments
Comments
Give Quiz Kudos
Give Quiz Kudos
-
- Ratings
hide this ad
Replay
Link that replays current quiz
Next Quiz
Link to next quiz in quiz playlist
You Got
0%
They Got
Avg Score
37%
Avg Friend Score
Upgrade to see
Score Distribution
Jump to the score distribution portion of the page
Score
0/20
Timer
05:00
0
Plays Today
Riddles
Answer
% Correct
What belongs to you but others use it more than you do?
Your Name
78.9%
What Comes Up but Never goes Down?
Age
68.4%
What begins with T, ends with T and has T in it?
A Teapot
55.3%
I fly without wings, I cry without eyes. What am I?
A Cloud
52.6%
What invention lets you look right through a wall?
A Window
52.6%
What is full of holes, but can still hold a lot of water?
Sponge
52.6%
The more there is the less you see
Darkness
50%
What is harder to catch the faster you run?
Your breath
42.1%
What has an eye but cannot see?
A Needle
42.1%
A man shaves several times a day, yet he still has a beard. Who is this man?
A Barber
36.8%
Riddles
Answer
% Correct
I'm tall when I'm young, I'm short when I'm old. What am I?
Candle
36.8%
What turns everything around, but does not move?
Mirror
36.8%
People need me, but they always give me away. What am I?
Money
31.6%
You can crack me; You can make me; You can tell me; You can play me. What am I?
Joke
28.9%
What is easy to get in but hard to get out off?
Trouble
26.3%
People buy me to eat but never eat me.What am I?
Plate
18.4%
What falls, but never breaks? What Breaks, but never falls?
Day and Night
15.8%
You can spin, wheel and twist, but this thing can turn without moving. What is it?
Milk
15.8%
At night they come without being fetched, And by day they are lost without being stolen. What is it?
Dreams and Stars
7.9%
What can be swallowed but swallow you also?
Pride
5.3%
Quiz Playlist
Details
Report
Send in Message
Add To Playlist
Classic:
Type in answers that appear in a list
Last Updated: Nov 22, 2017
Quiz Scoreboard
CHALLENGE
Sign Up to Join the Scoreboard
Show All
Scores
Hide
Comments
May contain spoilers
Recently Published
Movies - When Are They Set?
by FPL_Elf
Movies
5m
Popular People in 1961
by mucciniale
History
6m
1-10 Letter E Words III
by El_Dandy
Language
2m
More to Explore
Quiz From the Vault
Featured Blog Post
Where Did the Easter Bunny Come From?
hide this ad
You Might Also Like...
Tags
riddle
Today's Top Quizzes in Entertainment
Browse Entertainment
hide this ad
Today's Top Quizzes in riddle
Browse riddle
Top Contributed Quizzes in Entertainment
1
Kamen Rider Motifs
2
Dragon Ball Z: Goku's Fights in Order
3
Dragon Ball Z: Mega Character Search
4
One Piece Arcs By Order III
5
Survivor Winners Logic Quiz
6
Undead Unluck Minefield
7
Criteria Quickie: Cartoon Taxonomy II
8
Marvel Characters Bunker
9
Who Wants to Be a Millionaire: Anime Edition
10
Demon Slayer 11-1
Explore More
Trending Topics
Kpop
Marvel
Crossword
Harry Potter
Anime
Disney
NBA
The Office
Puzzle
Song
Pokémon
Country
WWE
NFL
Soccer
hide this ad
More By:
acemedinagm
Quiz
Plays
Rating
Category
Featured
Created
We Bare Bears Characters
275
4.00
Television
Dec 6, 2017
WWE Superstars by Nicknames
237
1.40
Entertainment
Nov 17, 2017
Disney Jokes
233
3.00
Entertainment
Nov 17, 2017
Marvel Avengers Characters
205
3.00
Entertainment
Dec 6, 2017
Typing Challenge 3 Letters Words
174
1.00
Entertainment
Nov 17, 2017
Go to Creator's Profile
Score Distribution
Quiz Creator Spotlight
acemedinagm
Follow
Send a Message
Quizzes Created
-
Created Quiz Play Count
-
More By This Creator
Popular Quizzes Today
1
Find the Countries of Europe - No Outlines Minefield
2
Find the US States - No Outlines Minefield
3
The Countries of the World
4
Popular People in 1961
5
1-10 Letter E Words III
6
US States
7
Find the US States
8
One Thing in Common: World Cities II
More Entertainment Quizzes
Group Clicking: Cartoons
Published
Trending Quizzes
Risky Map Clicking: Least Populous States A-Z
1-10 Letter F Words
Humor Books: The Subtitles
1-10 Letter G Words
One Thing in Common: United Kingdom
Recently Updated
Leaping Animals
pecheneg
Reality TV Shows (A-Z)
bhenderson79
Rickey Henderson's Hall of Fame Teammates
pecheneg
Champions League XIs: Arsenal
pecheneg
Quick Pick: Celebrities in WWE's Hall of Fame
aduchscher
A-Z Keypad Blitz II
pecheneg
Multiple Oscar Actors
pecheneg
Mystery Phrase Blitz: Oscar 'Best Actors'
pecheneg
F. Scott Fitzgerald Novels
LTH
Pick 3 Villains
ddd62291
Trending Topics
Kpop
Anime
Harry Potter
NBA
Disney
Crossword
Marvel
Pokémon
Song
Country
The Office
Puzzle
Soccer
NFL
WWE
Your Account Isn't Verified!
In order to create a playlist on Sporcle, you need to verify the email address you used during registration. Go to your
Sporcle Settings
to finish the process.
Report this User
Report this user for behavior that violates our
Community Guidelines
.
Details:
Send Report
Go to the Sporcle.com Mobile Site →
Comments